<?xml version="1.0" encoding="UTF-8"?>
<record
    xmlns:xsi="http://www.w3.org/2001/XMLSchema-instance"
    xsi:schemaLocation="http://www.loc.gov/MARC21/slim http://www.loc.gov/standards/marcxml/schema/MARC21slim.xsd"
    xmlns="http://www.loc.gov/MARC21/slim">

  <leader>04187njm0a22005171  4500</leader>
  <controlfield tag="001">RU\NLR\ONIZ\214475</controlfield>
  <controlfield tag="005">20250708192703.0</controlfield>
  <datafield tag="035" ind1=" " ind2=" ">
    <subfield code="a">(NLR Aleph) 011200809</subfield>
  </datafield>
  <datafield tag="035" ind1=" " ind2=" ">
    <subfield code="a">RU\NLR\ONIZ\GALA\5000028555\20160816130608</subfield>
  </datafield>
  <datafield tag="071" ind1="0" ind2="0">
    <subfield code="a">A10-00373-4</subfield>
  </datafield>
  <datafield tag="090" ind1=" " ind2=" ">
    <subfield code="a">13283388</subfield>
    <subfield code="c">13283388</subfield>
  </datafield>
  <datafield tag="100" ind1=" " ind2=" ">
    <subfield code="a">20160816d1988    |||y0rusy50      ca</subfield>
  </datafield>
  <datafield tag="102" ind1=" " ind2=" ">
    <subfield code="a">RU</subfield>
  </datafield>
  <datafield tag="126" ind1=" " ind2=" ">
    <subfield code="a">abuxexu      ux</subfield>
    <subfield code="b">xxx</subfield>
  </datafield>
  <datafield tag="127" ind1=" " ind2=" ">
    <subfield code="a">000045</subfield>
  </datafield>
  <datafield tag="135" ind1=" " ind2=" ">
    <subfield code="a">honoannnanndn</subfield>
  </datafield>
  <datafield tag="200" ind1="1" ind2=" ">
    <subfield code="a">&#x88;[&#x89;&#x41A;&#x43E;&#x43D;&#x446;&#x435;&#x440;&#x442;] &#x421;&#x435;&#x440;&#x433;&#x435;&#x44F; &#x421;&#x442;&#x430;&#x434;&#x43B;&#x435;&#x440;&#x430;, &#x441;&#x43A;&#x440;&#x438;&#x43F;&#x43A;&#x430;</subfield>
    <subfield code="b">&#x417;&#x432;&#x443;&#x43A;&#x43E;&#x437;&#x430;&#x43F;&#x438;&#x441;&#x44C;</subfield>
    <subfield code="f">&#x441;&#x43E;&#x43F;&#x440;&#x43E;&#x432;&#x43E;&#x436;&#x434;.: &#x410;&#x43A;&#x430;&#x434;. &#x441;&#x438;&#x43C;&#x444;. &#x43E;&#x440;&#x43A;. &#x41B;&#x435;&#x43D;&#x438;&#x43D;&#x433;&#x440;. &#x444;&#x438;&#x43B;&#x430;&#x440;&#x43C;&#x43E;&#x43D;&#x438;&#x438;. &#x434;&#x438;&#x440;. &#x412;. &#x41F;&#x43E;&#x43D;&#x44C;&#x43A;&#x438;&#x43D;</subfield>
  </datafield>
  <datafield tag="210" ind1=" " ind2=" ">
    <subfield code="a">&#x41C;.</subfield>
    <subfield code="c">&#x41C;&#x435;&#x43B;&#x43E;&#x434;&#x438;&#x44F;</subfield>
    <subfield code="d">1988</subfield>
  </datafield>
  <datafield tag="215" ind1=" " ind2=" ">
    <subfield code="a">1 &#x437;&#x432;. &#x434;&#x438;&#x441;&#x43A; [&#x413;&#x41E;&#x421;&#x422; 5289-80](45 &#x43C;&#x438;&#x43D;): 33 &#x43E;&#x431;/ &#x43C;&#x438;&#x43D;, &#x441;&#x442;&#x435;&#x440;&#x435;&#x43E;; 30 &#x441;&#x43C;, &#x432; &#x43A;&#x43E;&#x43D;&#x432;.</subfield>
  </datafield>
  <datafield tag="325" ind1=" " ind2=" ">
    <subfield code="a">&#x41A;&#x43E;&#x43F;&#x438;&#x44F; &#x434;&#x43E;&#x441;&#x442;&#x443;&#x43F;&#x43D;&#x430; &#x432; &#x42D;&#x43B;&#x435;&#x43A;&#x442;&#x440;&#x43E;&#x43D;. &#x431;-&#x43A;&#x435; &#x420;&#x41D;&#x411;</subfield>
  </datafield>
  <datafield tag="327" ind1="1" ind2=" ">
    <subfield code="a">&#x425;&#x430;&#x432;&#x430;&#x43D;&#x435;&#x437; : &#x41F;&#x44C;&#x435;&#x441;&#x430; &#x434;&#x43B;&#x44F; &#x441;&#x43A;&#x440;&#x438;&#x43F;&#x43A;&#x438; &#x441; &#x43E;&#x440;&#x43A;&#x435;&#x441;&#x442;&#x440;&#x43E;&#x43C; : &#x441;&#x43E;&#x447;. 83 / &#x41A;. &#x421;&#x435;&#x43D;-&#x421;&#x430;&#x43D;&#x441;.</subfield>
    <subfield code="a">&#x426;&#x44B;&#x433;&#x430;&#x43D;&#x43A;&#x430; : &#x41A;&#x43E;&#x43D;&#x446;&#x435;&#x440;&#x442;&#x43D;&#x430;&#x44F; &#x440;&#x430;&#x43F;&#x441;&#x43E;&#x434;&#x438;&#x44F; &#x434;&#x43B;&#x44F; &#x441;&#x43A;&#x440;&#x438;&#x43F;&#x43A;&#x438; &#x441; &#x43E;&#x440;&#x43A;. / &#x41C;. &#x420;&#x430;&#x432;&#x435;&#x43B;&#x44C;.</subfield>
    <subfield code="a">&#x41F;&#x43E;&#x44D;&#x43C;&#x430; : &#x434;&#x43B;&#x44F; &#x441;&#x43A;&#x440;&#x438;&#x43F;&#x43A;&#x438; &#x441; &#x43E;&#x440;&#x43A;. : &#x441;&#x43E;&#x447;. 25 / &#x42D;. &#x429;&#x43E;&#x441;&#x441;&#x43E;&#x43D;.</subfield>
    <subfield code="a">&#x418;&#x43D;&#x442;&#x440;&#x43E;&#x434;&#x443;&#x43A;&#x446;&#x438;&#x44F; &#x438; &#x440;&#x43E;&#x43D;&#x434;&#x43E; &#x43A;&#x430;&#x43F;&#x440;&#x438;&#x447;&#x447;&#x438;&#x43E;&#x437;&#x43E; : &#x434;&#x43B;&#x44F; &#x441;&#x43A;&#x440;&#x438;&#x43F;&#x43A;&#x438; &#x441; &#x43E;&#x440;&#x43A;&#x435;&#x441;&#x442;&#x440;&#x43E;&#x43C; : &#x441;&#x43E;&#x447;. 28 / &#x41A;. &#x421;&#x435;&#x43D;-&#x421;&#x430;&#x43D;&#x441;</subfield>
  </datafield>
  <datafield tag="464" ind1=" " ind2="0">
    <subfield code="1">2001#$a&#x425;&#x430;&#x432;&#x430;&#x43D;&#x435;&#x437;$e&#x41F;&#x44C;&#x435;&#x441;&#x430; &#x434;&#x43B;&#x44F; &#x441;&#x43A;&#x440;&#x438;&#x43F;&#x43A;&#x438; &#x441; &#x43E;&#x440;&#x43A;&#x435;&#x441;&#x442;&#x440;&#x43E;&#x43C;$e&#x441;&#x43E;&#x447;. 83$f&#x41A;. &#x421;&#x435;&#x43D;-&#x421;&#x430;&#x43D;&#x441;</subfield>
    <subfield code="1">686##$a&#x429;955.4-058.9(4&#x424;&#x440;)$vLBC/SL$2rubbk</subfield>
    <subfield code="1">700#1$9z01790$a&#x421;&#x435;&#x43D;-&#x421;&#x430;&#x43D;&#x441;$b&#x41A;.$g&#x41A;&#x430;&#x43C;&#x438;&#x43B;&#x43B;$f1835-1921$4230</subfield>
    <subfield code="1">790#1$9z01700$aSaint-Sa&#xEB;ns$bC.$gCamille$f1835-1921$4230</subfield>
    <subfield code="t">&#x425;&#x430;&#x432;&#x430;&#x43D;&#x435;&#x437;</subfield>
    <subfield code="a">&#x421;&#x435;&#x43D;-&#x421;&#x430;&#x43D;&#x441;, &#x41A;&#x430;&#x43C;&#x438;&#x43B;&#x43B; (1835-1921)</subfield>
  </datafield>
  <datafield tag="464" ind1=" " ind2="0">
    <subfield code="1">2001#$a&#x426;&#x44B;&#x433;&#x430;&#x43D;&#x43A;&#x430;$e&#x41A;&#x43E;&#x43D;&#x446;&#x435;&#x440;&#x442;&#x43D;&#x430;&#x44F; &#x440;&#x430;&#x43F;&#x441;&#x43E;&#x434;&#x438;&#x44F; &#x434;&#x43B;&#x44F; &#x441;&#x43A;&#x440;&#x438;&#x43F;&#x43A;&#x438; &#x441; &#x43E;&#x440;&#x43A;.$f&#x41C;. &#x420;&#x430;&#x432;&#x435;&#x43B;&#x44C;</subfield>
    <subfield code="1">686##$a&#x429;955.4-051(4&#x424;&#x440;)$vLBC/SL$2rubbk</subfield>
    <subfield code="1">700#1$9z01790$a&#x420;&#x430;&#x432;&#x435;&#x43B;&#x44C;$b&#x41C;.$g&#x41C;&#x43E;&#x440;&#x438;&#x441;$f1875-1937$4230</subfield>
    <subfield code="1">790#1$9z01700$aRavel$bM.$gMaurice$f1875-1937$4230</subfield>
    <subfield code="t">&#x426;&#x44B;&#x433;&#x430;&#x43D;&#x43A;&#x430;</subfield>
    <subfield code="a">&#x420;&#x430;&#x432;&#x435;&#x43B;&#x44C;, &#x41C;&#x43E;&#x440;&#x438;&#x441; (1875-1937)</subfield>
  </datafield>
  <datafield tag="464" ind1=" " ind2="0">
    <subfield code="1">2001#$a&#x41F;&#x43E;&#x44D;&#x43C;&#x430;$e&#x434;&#x43B;&#x44F; &#x441;&#x43A;&#x440;&#x438;&#x43F;&#x43A;&#x438; &#x441; &#x43E;&#x440;&#x43A;.$e&#x441;&#x43E;&#x447;. 25$f&#x42D;. &#x429;&#x43E;&#x441;&#x441;&#x43E;&#x43D;</subfield>
    <subfield code="1">686##$a&#x429;955.4-051(4&#x424;&#x440;)$vLBC/SL$2rubbk</subfield>
    <subfield code="1">700#1$9z01790$a&#x428;&#x43E;&#x441;&#x441;&#x43E;&#x43D;$a&#x428;&#x43E;&#x441;&#x441;&#x43E;&#x43D;$b&#x42D;.$b&#x42D;.$g&#x42D;&#x440;&#x43D;&#x435;&#x441;&#x442;$g&#x42D;&#x440;&#x43D;&#x435;&#x441;&#x442;$f1855-1899$f1855-1899$4230</subfield>
    <subfield code="1">790#1$9z01700$aChausson$aChausson$bE.$bE.$gErnest$gErnest$f1855-1899$f1855-1899$4230</subfield>
    <subfield code="t">&#x41F;&#x43E;&#x44D;&#x43C;&#x430;</subfield>
    <subfield code="a">&#x428;&#x43E;&#x441;&#x441;&#x43E;&#x43D;, &#x42D;&#x440;&#x43D;&#x435;&#x441;&#x442; (1855-1899)</subfield>
  </datafield>
  <datafield tag="464" ind1=" " ind2="0">
    <subfield code="1">2001#$a&#x418;&#x43D;&#x442;&#x440;&#x43E;&#x434;&#x443;&#x43A;&#x446;&#x438;&#x44F; &#x438; &#x440;&#x43E;&#x43D;&#x434;&#x43E; &#x43A;&#x430;&#x43F;&#x440;&#x438;&#x447;&#x447;&#x438;&#x43E;&#x437;&#x43E;$e&#x434;&#x43B;&#x44F; &#x441;&#x43A;&#x440;&#x438;&#x43F;&#x43A;&#x438; &#x441; &#x43E;&#x440;&#x43A;&#x435;&#x441;&#x442;&#x440;&#x43E;&#x43C;$e&#x441;&#x43E;&#x447;. 28$f&#x41A;. &#x421;&#x435;&#x43D;-&#x421;&#x430;&#x43D;&#x441;</subfield>
    <subfield code="1">686##$a&#x429;955.4-056(4&#x424;&#x440;)$vLBC/SL$2rubbk</subfield>
    <subfield code="1">700#1$9z01790$a&#x421;&#x435;&#x43D;-&#x421;&#x430;&#x43D;&#x441;$b&#x41A;.$g&#x41A;&#x430;&#x43C;&#x438;&#x43B;&#x43B;$f1835-1921$4230</subfield>
    <subfield code="1">790#1$9z01700$aSaint-Sa&#xEB;ns$bC.$gCamille$f1835-1921$4230</subfield>
    <subfield code="t">&#x418;&#x43D;&#x442;&#x440;&#x43E;&#x434;&#x443;&#x43A;&#x446;&#x438;&#x44F; &#x438; &#x440;&#x43E;&#x43D;&#x434;&#x43E; &#x43A;&#x430;&#x43F;&#x440;&#x438;&#x447;&#x447;&#x438;&#x43E;&#x437;&#x43E;</subfield>
    <subfield code="a">&#x421;&#x435;&#x43D;-&#x421;&#x430;&#x43D;&#x441;, &#x41A;&#x430;&#x43C;&#x438;&#x43B;&#x43B; (1835-1921)</subfield>
  </datafield>
  <datafield tag="606" ind1="1" ind2=" ">
    <subfield code="a">&#x418;&#x441;&#x43F;&#x43E;&#x43B;&#x43D;&#x438;&#x442;&#x435;&#x43B;&#x44C;&#x441;&#x43A;&#x43E;&#x435; &#x438;&#x441;&#x43A;&#x443;&#x441;&#x441;&#x442;&#x432;&#x43E; &#x441;&#x43A;&#x440;&#x438;&#x43F;&#x430;&#x447;&#x438;</subfield>
    <subfield code="x">&#x417;&#x432;&#x443;&#x43A;&#x43E;&#x437;&#x430;&#x43F;&#x438;&#x441;&#x44C;</subfield>
    <subfield code="z">20 &#x432;.</subfield>
    <subfield code="y">&#x420;&#x43E;&#x441;&#x441;&#x438;&#x44F;</subfield>
    <subfield code="2">nlr_sh</subfield>
  </datafield>
  <datafield tag="686" ind1=" " ind2=" ">
    <subfield code="a">&#x429;955.4, 8(3)</subfield>
    <subfield code="v">LBC/SL</subfield>
    <subfield code="2">rubbk</subfield>
  </datafield>
  <datafield tag="700" ind1=" " ind2="1">
    <subfield code="9">z02790</subfield>
    <subfield code="a">&#x421;&#x442;&#x430;&#x434;&#x43B;&#x435;&#x440;</subfield>
    <subfield code="b">&#x421;. &#x412;.</subfield>
    <subfield code="f">1962-</subfield>
    <subfield code="g">&#x421;&#x435;&#x440;&#x433;&#x435;&#x439; &#x412;&#x430;&#x43B;&#x435;&#x43D;&#x442;&#x438;&#x43D;&#x43E;&#x432;&#x438;&#x447;</subfield>
    <subfield code="4">590</subfield>
    <subfield code="4">svl</subfield>
  </datafield>
  <datafield tag="702" ind1=" " ind2="1">
    <subfield code="9">z03790</subfield>
    <subfield code="a">&#x41F;&#x43E;&#x43D;&#x44C;&#x43A;&#x438;&#x43D;</subfield>
    <subfield code="b">&#x412;. &#x410;.</subfield>
    <subfield code="f">1951-</subfield>
    <subfield code="g">&#x412;&#x43B;&#x430;&#x434;&#x438;&#x43C;&#x438;&#x440; &#x410;&#x43B;&#x435;&#x43A;&#x441;&#x430;&#x43D;&#x434;&#x440;&#x43E;&#x432;&#x438;&#x447;</subfield>
    <subfield code="4">250</subfield>
  </datafield>
  <datafield tag="712" ind1="0" ind2="2">
    <subfield code="a">&#x410;&#x43A;&#x430;&#x434;&#x435;&#x43C;&#x438;&#x447;&#x435;&#x441;&#x43A;&#x438;&#x439; &#x441;&#x438;&#x43C;&#x444;&#x43E;&#x43D;&#x438;&#x447;&#x435;&#x441;&#x43A;&#x438;&#x439; &#x43E;&#x440;&#x43A;&#x435;&#x441;&#x442;&#x440; &#x41B;&#x435;&#x43D;&#x438;&#x43D;&#x433;&#x440;&#x430;&#x434;&#x441;&#x43A;&#x43E;&#x439; &#x433;&#x43E;&#x441;&#x443;&#x434;&#x430;&#x440;&#x441;&#x442;&#x432;&#x435;&#x43D;&#x43D;&#x43E;&#x439; &#x444;&#x438;&#x43B;&#x430;&#x440;&#x43C;&#x43E;&#x43D;&#x438;&#x438;</subfield>
    <subfield code="4">590</subfield>
  </datafield>
  <datafield tag="790" ind1=" " ind2="1">
    <subfield code="9">z02700</subfield>
    <subfield code="a">Stadler</subfield>
    <subfield code="a">Stadler</subfield>
    <subfield code="b">S. V.</subfield>
    <subfield code="b">S. V.</subfield>
    <subfield code="f">1962</subfield>
    <subfield code="f">1962</subfield>
    <subfield code="g">Sergej Valentinovich</subfield>
    <subfield code="g">Sergej Valentinovich</subfield>
    <subfield code="4">590</subfield>
    <subfield code="4">svl</subfield>
  </datafield>
  <datafield tag="790" ind1=" " ind2="1">
    <subfield code="9">z03702</subfield>
    <subfield code="a">Pon'kin</subfield>
    <subfield code="b">V.</subfield>
    <subfield code="f">1951-</subfield>
    <subfield code="g">Vladimir</subfield>
    <subfield code="4">250</subfield>
  </datafield>
  <datafield tag="801" ind1=" " ind2="0">
    <subfield code="a">RU</subfield>
    <subfield code="b">NLR</subfield>
    <subfield code="c">20160816</subfield>
    <subfield code="g">PSBO</subfield>
  </datafield>
  <datafield tag="801" ind1=" " ind2="1">
    <subfield code="a">RU</subfield>
    <subfield code="b">NLR</subfield>
    <subfield code="c">20160816</subfield>
    <subfield code="2">rusmarc</subfield>
  </datafield>
  <datafield tag="801" ind1=" " ind2="2">
    <subfield code="a">RU</subfield>
    <subfield code="b">NLR</subfield>
    <subfield code="c">20160824</subfield>
  </datafield>
  <datafield tag="852" ind1=" " ind2=" ">
    <subfield code="a">NLR</subfield>
    <subfield code="b">&#x41C;&#x433;</subfield>
    <subfield code="j">3/8170</subfield>
    <subfield code="p">38243</subfield>
    <subfield code="t">1</subfield>
  </datafield>
  <datafield tag="856" ind1=" " ind2="0">
    <subfield code="u">http://vivaldi.nlr.ru/mk000000378/view</subfield>
  </datafield>
  <datafield tag="856" ind1=" " ind2="1">
    <subfield code="u">http://vivaldi.nlr.ru/mk000000378/cover</subfield>
  </datafield>
  <datafield tag="856" ind1=" " ind2="2">
    <subfield code="u">http://vivaldi.nlr.ru/mk000000378/text</subfield>
  </datafield>
  <datafield tag="942" ind1=" " ind2=" ">
    <subfield code="c">REC</subfield>
  </datafield>
  <datafield tag="980" ind1=" " ind2=" ">
    <subfield code="a">NB</subfield>
  </datafield>
  <datafield tag="980" ind1=" " ind2=" ">
    <subfield code="a">ONIZ</subfield>
  </datafield>
  <datafield tag="981" ind1="2" ind2="4">
    <subfield code="a">(24) &#x41D;&#x43E;&#x442;&#x43D;&#x44B;&#x435; &#x438;&#x437;&#x434;&#x430;&#x43D;&#x438;&#x44F; &#x438; &#x430;&#x443;&#x434;&#x438;&#x43E;&#x437;&#x430;&#x43F;&#x438;&#x441;&#x438;</subfield>
    <subfield code="b">(24) &#x413;&#x440;&#x430;&#x43C;&#x43F;&#x43B;&#x430;&#x441;&#x442;&#x438;&#x43D;&#x43A;&#x438;</subfield>
  </datafield>
  <datafield tag="995" ind1=" " ind2=" ">
    <subfield code="5">2016-08-16</subfield>
    <subfield code="b">NLR01</subfield>
    <subfield code="c">NLR01</subfield>
    <subfield code="e">ONIZ</subfield>
    <subfield code="k">3/8170 3/8170</subfield>
    <subfield code="o">0</subfield>
    <subfield code="r">REC</subfield>
    <subfield code="s">38170_38170</subfield>
  </datafield>
</record>
